Standard method of measurement of building works (for use in Malaysia ) (Record no. 90313)

MARC details
000 -LEADER
fixed length control field 00561cam a2200205 4500
001 - CONTROL NUMBER
control field B560
008 - FIXED-LENGTH DATA ELEMENTS--GENERAL INFORMATION
fixed length control field 090401t1976 xxu||||| |||| 00| 0 eng d
035 ## - SYSTEM CONTROL NUMBER
System control number (Sirsi) u36517
041 ## - LANGUAGE CODE
Language code of text/sound track or separate title eng
050 ## - LIBRARY OF CONGRESS CALL NUMBER
Classification number 692.309595
110 ## - MAIN ENTRY--CORPORATE NAME
Corporate name or jurisdiction name as entry element Malaysia
9 (RLIN) 403
245 ## - TITLE STATEMENT
Title Standard method of measurement of building works (for use in Malaysia )
250 ## - EDITION STATEMENT
Edition statement Metric ed.
260 ## - PUBLICATION, DISTRIBUTION, ETC.
Place of publication, distribution, etc. Petaling Jaya,Malaysia
Name of publisher, distributor, etc. Institution of Surveyors
Date of publication, distribution, etc. 1976
300 ## - PHYSICAL DESCRIPTION
Extent ix,104p. ; 27cm.
350 ## - PRICE (NR) (BK AM CF MU VM SE) [OBSOLETE]
Price 0
710 ## - ADDED ENTRY--CORPORATE NAME
Corporate name or jurisdiction name as entry element Institution of Surveyors
9 (RLIN) 405
942 ## - ADDED ENTRY ELEMENTS (KOHA)
Suppress in OPAC 0
948 ## - LOCAL PROCESSING INFORMATION (OCLC); SERIES PART DESIGNATOR (RLIN)
c (OCLC) 04/03/1997
Holdings
Withdrawn status Lost status Source of classification or shelving scheme Damaged status Not for loan Home library Current library Shelving location Date acquired Total Checkouts Full call number Barcode Date last seen Date last checked out Copy number Price effective from Koha item type
    Other/Generic Classification Scheme     London London BCIS/BMI publications 14/09/1999 1 GALLERY 30032270 06/08/2019 14/09/2016 1 06/08/2019 Book